| 000 | 00475 a2200181 4500 | ||
|---|---|---|---|
| 999 |
_c349364 _d349364 |
||
| 003 | NUST | ||
| 020 | _a9780761935865 | ||
| 024 | _a9780761935865 | ||
| 038 | _a0 | ||
| 082 | _a658.1'3 | ||
| 100 |
_aChandrashekar Krishnamurti _913578 |
||
| 245 |
_aMergers,Acquisitions and Corporate Restructuring. _cChandrashekar Krishnamurti |
||
| 250 | _a1st. | ||
| 260 |
_aNew Delhi _bResponse _c2008 |
||
| 300 | _a412p. | ||
| 500 | _aPaper Cover | ||
| 942 |
_aNBS _cBK _k658.1'6 KRI _2ddc |
||